| 000 | 00755nam a2200241Ia 4500 | ||
|---|---|---|---|
| 005 | 20250425162613.0 | ||
| 008 | 250425s9999 xx 000 0 und d | ||
| 020 | _a412153807 | ||
| 041 | _aeng | ||
| 082 |
_a621.317 _pWAR |
||
| 100 | _aWarrington, Albert Russell van Cortlant | ||
| 245 | 0 |
_aProtective Relays _bTheir Theory and Practice _cAlbert Russell van Cortlant Warrington |
|
| 250 | _aTercera ed. | ||
| 260 |
_aReino Unido, London _bChapman and Hall _c1977 |
||
| 300 |
_a434 p. _bIlustrado _c24 cm |
||
| 500 | _aIncluye tabla de contenido, bibliografía, índice | ||
| 650 | _aIngeniería de sistemas | ||
| 650 | _aReles de protección | ||
| 650 | _aSemiconductores | ||
| 902 |
_aMonográfico _cImpreso |
||
| 942 | _c01 | ||
| 010 | _a89641 | ||
| 999 |
_c232623 _d232623 |
||